书目信息 |
| 题名: |
生物化学与分子生物学实验
|
|
| 作者: | 郑红花 , 苏振宏 主编 | |
| 分册: | ||
| 出版信息: | 武汉 华中科技大学出版社 2020.06 |
|
| 页数: | 177页 | |
| 开本: | 28cm | |
| 丛书名: | 高等医学教育课程创新纸数融合系列教材 | |
| 单 册: | ||
| 中图分类: | Q5-33 , Q7-33 | |
| 科图分类: | ||
| 主题词: | 生物化学--sheng wu hua xue--实验--医学院校--教材 , 分子生物学--fen zi sheng wu xue--实验--医学院校--教材 | |
| 电子资源: | ||
| ISBN: | 978-7-5680-6256-5 | |
| 000 | 01471nam 2200325 450 | |
| 001 | 0100015474 | |
| 005 | 20200929160438.0 | |
| 010 | @a978-7-5680-6256-5@dCNY32.00 | |
| 100 | @a20200710d2020 em y0chiy50 ea | |
| 101 | 0 | @achi |
| 102 | @aCN@b420000 | |
| 105 | @aak a 000yy | |
| 106 | @ar | |
| 200 | 1 | @a生物化学与分子生物学实验@Asheng wu hua xue yu fen zi sheng wu xue shi yan@f主编郑红花, 苏振宏 |
| 210 | @a武汉@c华中科技大学出版社@d2020.06 | |
| 215 | @a177页@c图@d28cm | |
| 225 | 2 | @a高等医学教育课程创新纸数融合系列教材@Agao deng yi xue jiao yu ke cheng chuang xin zhi shu rong he xi lie jiao cai |
| 300 | @a附数字资源增值服务 | |
| 320 | @a有书目 (第177页) | |
| 330 | @a本书分为分子生物学实验及生物化学实验两部分, 共没计了24个综合性较强的实验, 其中14个分子生物学实验以应用广泛的绿色荧光蛋白基因为主线贯穿, 涵盖了分子生物学的基本实验技术。该书分为四章, 内容包括: 概述 ; 生物化学与分子生物学实验基本理论技术 ; 生物化学与分子生物学基础实验项目等。 | |
| 333 | @a供临床、预防、急救、全科医学、口腔、麻醉、影像、药学、检验、护理、法医、生物工程等专业使用 | |
| 410 | 0 | @12001 @a高等医学教育课程创新纸数融合系列教材 |
| 606 | 0 | @a生物化学@Asheng wu hua xue@x实验@x医学院校@j教材 |
| 606 | 0 | @a分子生物学@Afen zi sheng wu xue@x实验@x医学院校@j教材 |
| 690 | @aQ5-33@v5 | |
| 690 | @aQ7-33@v5 | |
| 701 | 0 | @a郑红花@Azheng hong hua@4主编 |
| 701 | 0 | @a苏振宏@Asu zhen hong@4主编 |
| 801 | 0 | @aCN@c20200710 |
| 905 | @a河南城建学院图书馆@dQ5-33@f2@eZ431 | |
| 生物化学与分子生物学实验/主编郑红花, 苏振宏.-武汉:华中科技大学出版社,2020.06 |
| 177页:图;28cm.-(高等医学教育课程创新纸数融合系列教材) |
| 附数字资源增值服务.-使用对象:供临床、预防、急救、全科医学、口腔、麻醉、影像、药学、检验、护理、法医、生物工程等专业使用 |
| ISBN 978-7-5680-6256-5:CNY32.00 |
| 本书分为分子生物学实验及生物化学实验两部分, 共没计了24个综合性较强的实验, 其中14个分子生物学实验以应用广泛的绿色荧光蛋白基因为主线贯穿, 涵盖了分子生物学的基本实验技术。该书分为四章, 内容包括: 概述 ; 生物化学与分子生物学实验基本理论技术 ; 生物化学与分子生物学基础实验项目等。 |
| ● |
| 相关链接 |
|
|
|
正题名:生物化学与分子生物学实验
索取号:Q5-33/Z431
 
预约/预借
| 序号 | 登录号 | 条形码 | 馆藏地/架位号 | 状态 | 备注 |
| 1 | 1491785 | 214917857 | 自科库401/401自科库 29排1列4层/ [索取号:Q5-33/Z431] | 在馆 | |
| 2 | 1491786 | 214917866 | 自科库401/401自科库 29排1列4层/ [索取号:Q5-33/Z431] | 在馆 |